Loading...
| Current Events | 2 | 10.00 | 100% | 0% | 0% |
| Fine Arts - Classical Music | 8 | 25.00 | 100% | 100% | 50% |
| Fine Arts - Other Fine Arts | 7 | 20.00 | 100% | 71% | 29% |
| Fine Arts - Painting and Sculpture | 6 | 21.67 | 100% | 100% | 17% |
| Geography | 2 | 25.00 | 100% | 100% | 50% |
| History - American History | 8 | 23.75 | 100% | 100% | 38% |
| History - European History | 6 | 28.33 | 100% | 100% | 83% |
| History - Other History | 5 | 26.00 | 100% | 100% | 60% |
| History - World History | 5 | 24.00 | 100% | 100% | 40% |
| Literature - American Literature | 7 | 21.43 | 100% | 71% | 43% |
| Literature - British Literature | 6 | 20.00 | 100% | 100% | 0% |
| Literature - European Literature | 4 | 22.50 | 100% | 100% | 25% |
| Literature - World Literature | 8 | 18.75 | 100% | 75% | 13% |
| Mythology | 8 | 20.00 | 100% | 75% | 25% |
| Other Academic | 2 | 15.00 | 100% | 50% | 0% |
| Philosophy | 9 | 16.67 | 100% | 56% | 11% |
| Pop Culture | 3 | 20.00 | 100% | 67% | 33% |
| Religion | 7 | 17.14 | 100% | 71% | 0% |
| Science - Biology | 6 | 11.67 | 100% | 17% | 0% |
| Science - Chemistry | 6 | 10.00 | 100% | 0% | 0% |
| Science - Other Science | 9 | 14.44 | 89% | 44% | 11% |
| Science - Physics | 5 | 20.00 | 100% | 80% | 20% |
| Social Science | 4 | 17.50 | 100% | 50% | 25% |